<?xml version="1.0" encoding="UTF-8"?>
<record
    xmlns:xsi="http://www.w3.org/2001/XMLSchema-instance"
    xsi:schemaLocation="http://www.loc.gov/MARC21/slim http://www.loc.gov/standards/marcxml/schema/MARC21slim.xsd"
    xmlns="http://www.loc.gov/MARC21/slim">

  <leader>02685cam a22003254a 4500</leader>
  <controlfield tag="001">13319332</controlfield>
  <controlfield tag="003">OSt</controlfield>
  <controlfield tag="005">20220120103023.0</controlfield>
  <controlfield tag="008">030821s2005    mauab    b    001 0 eng  </controlfield>
  <datafield tag="010" ind1=" " ind2=" ">
    <subfield code="a">  2003058739</subfield>
  </datafield>
  <datafield tag="020" ind1=" " ind2=" ">
    <subfield code="a">9781121913936</subfield>
  </datafield>
  <datafield tag="020" ind1=" " ind2=" ">
    <subfield code="a">1121913938</subfield>
  </datafield>
  <datafield tag="040" ind1=" " ind2=" ">
    <subfield code="a">DLC</subfield>
    <subfield code="c">DLC</subfield>
    <subfield code="d">DLC</subfield>
  </datafield>
  <datafield tag="042" ind1=" " ind2=" ">
    <subfield code="a">pcc</subfield>
  </datafield>
  <datafield tag="050" ind1="0" ind2="0">
    <subfield code="a">HD62.4.H55</subfield>
  </datafield>
  <datafield tag="082" ind1="0" ind2="0">
    <subfield code="a">658/.049</subfield>
    <subfield code="2">22</subfield>
  </datafield>
  <datafield tag="100" ind1="1" ind2=" ">
    <subfield code="a">Hill, Charles W. L.</subfield>
  </datafield>
  <datafield tag="245" ind1="1" ind2="0">
    <subfield code="a">International business: competing in the global marketplace. /</subfield>
    <subfield code="c">Charles W.L. Hill.</subfield>
  </datafield>
  <datafield tag="250" ind1=" " ind2=" ">
    <subfield code="a">9th ed.</subfield>
    <subfield code="b">(African edition)</subfield>
  </datafield>
  <datafield tag="260" ind1=" " ind2=" ">
    <subfield code="a">New York:</subfield>
    <subfield code="b">McGraw-Hill/Irwin,</subfield>
    <subfield code="c">2013.</subfield>
  </datafield>
  <datafield tag="300" ind1=" " ind2=" ">
    <subfield code="a">vii, 762 p. :</subfield>
    <subfield code="b">ill.;</subfield>
    <subfield code="c">29cm. </subfield>
  </datafield>
  <datafield tag="504" ind1=" " ind2=" ">
    <subfield code="a">Includes bibliographical references and indexes.</subfield>
  </datafield>
  <datafield tag="505" ind1=" " ind2=" ">
    <subfield code="a">Contents: Introduction and overview: Globalization -- Case: Introduction -- The Globalization of health care -- Country differences: National differences in political economy -- Political economy and economic development -- Differences in culture -- Ethics in international business -- Cases: Introduction -- Siemens bribery scandal -- Walmart's foreign expansion -- Nike: the sweatshop debate -- Etch-A-Sketch ethics -- The Global trade and investment environment: International trade theory -- The Political economy of international trade -- Foreign direct investment -- Regional economic integration -- Cases: Introduction -- Logitech -- The Ecuadorean Rose industry -- The European Energy market -- Global food prices -- The Global monetary system: The Foreign exchange market -- The International monetary system -- The Global capital market -- Cases: Introduction -- Hyundai and Kia -- Anatomy of a currency crisis -- Russian ruble crisis and its aftermath -- The Strategy and structure of international business: The Strategy of international business -- The Organization of international business -- Entry strategy and strategic alliances -- Cases: Introduction -- Coca-Cola -- Diebold -- JCB in India -- IKEA -- Business operations: Exporting, importing and countertrade -- Global production, outsourcing and logistics -- Global marketing and R&amp;D -- Global human resource management -- Accounting and finance in the international business -- Cases: Introduction -- Building the Boeing -- Adopting International Accounting Standards -- Li &amp; Fung -- </subfield>
  </datafield>
  <datafield tag="538" ind1=" " ind2=" ">
    <subfield code="a">System requirements: PC: Pentium&#xAE; Based Processor, Microsovt&#xAE; Windows&#xAE; 98/2000/XP.</subfield>
  </datafield>
  <datafield tag="650" ind1=" " ind2="0">
    <subfield code="a">International business enterprises</subfield>
    <subfield code="x">Management.</subfield>
  </datafield>
  <datafield tag="650" ind1=" " ind2="0">
    <subfield code="a">Competition, International.</subfield>
  </datafield>
  <datafield tag="906" ind1=" " ind2=" ">
    <subfield code="a">7</subfield>
    <subfield code="b">cbc</subfield>
    <subfield code="c">orignew</subfield>
    <subfield code="d">1</subfield>
    <subfield code="e">ocip</subfield>
    <subfield code="f">20</subfield>
    <subfield code="g">y-gencatlg</subfield>
  </datafield>
  <datafield tag="942" ind1=" " ind2=" ">
    <subfield code="2">lcc</subfield>
    <subfield code="c">BK</subfield>
  </datafield>
  <datafield tag="999" ind1=" " ind2=" ">
    <subfield code="c">8445</subfield>
    <subfield code="d">15945</subfield>
  </datafield>
  <datafield tag="952" ind1=" " ind2=" ">
    <subfield code="0">0</subfield>
    <subfield code="1">0</subfield>
    <subfield code="2">lcc</subfield>
    <subfield code="4">0</subfield>
    <subfield code="7">0</subfield>
    <subfield code="a">WIUC-KL</subfield>
    <subfield code="b">WIUC-KL</subfield>
    <subfield code="c">GEN</subfield>
    <subfield code="d">2019-10-23</subfield>
    <subfield code="e">WIUC</subfield>
    <subfield code="o">HD62.4.H55(9e)</subfield>
    <subfield code="p">K/328/328/19</subfield>
    <subfield code="r">2022-01-19 00:00:00</subfield>
    <subfield code="t">1</subfield>
    <subfield code="w">2022-01-19</subfield>
    <subfield code="y">BK</subfield>
  </datafield>
  <datafield tag="952" ind1=" " ind2=" ">
    <subfield code="0">0</subfield>
    <subfield code="1">0</subfield>
    <subfield code="2">lcc</subfield>
    <subfield code="4">0</subfield>
    <subfield code="7">0</subfield>
    <subfield code="a">WIUC-KL</subfield>
    <subfield code="b">WIUC-KL</subfield>
    <subfield code="c">GEN</subfield>
    <subfield code="d">2019-10-23</subfield>
    <subfield code="e">WIUC</subfield>
    <subfield code="o">HD62.4.H551(9e)</subfield>
    <subfield code="p">K/365/365/19</subfield>
    <subfield code="r">2022-01-20 00:00:00</subfield>
    <subfield code="t">2</subfield>
    <subfield code="w">2022-01-19</subfield>
    <subfield code="y">BK</subfield>
  </datafield>
  <datafield tag="952" ind1=" " ind2=" ">
    <subfield code="0">0</subfield>
    <subfield code="1">0</subfield>
    <subfield code="2">lcc</subfield>
    <subfield code="4">0</subfield>
    <subfield code="7">0</subfield>
    <subfield code="a">WIUC-KL</subfield>
    <subfield code="b">WIUC-KL</subfield>
    <subfield code="c">GEN</subfield>
    <subfield code="d">2019-10-23</subfield>
    <subfield code="e">WIUC</subfield>
    <subfield code="o">HD62.4.H552(9e)</subfield>
    <subfield code="p">K/366/366/19</subfield>
    <subfield code="r">2022-01-20 00:00:00</subfield>
    <subfield code="t">3</subfield>
    <subfield code="w">2022-01-19</subfield>
    <subfield code="y">BK</subfield>
  </datafield>
</record>
